| 000 | 01448cab a2200325 4500 | ||
|---|---|---|---|
| 001 | WB3226-40 | ||
| 008 | 090401t1996 xxu||||| |||| 00| 0 eng d | ||
| 035 | _a(Sirsi) u45033 | ||
| 041 | _aeng | ||
| 245 | _aValuers limited liability | ||
| 260 | _c1996 | ||
| 350 | _a0 | ||
| 490 |
_aEstates Gazette Case Summaries _v[1996] EGCS 107(1) (29/6/96) |
||
| 520 | _a"South Australia Asset Management Corporation v York Montague Ltd", "United Bank of Kuwait plc v Prudential Property Services Ltd" and "Nykredit Mortgage Bank Ltd v Edward Erdman Group Ltd" HL 20 June 1996. Held that the valuers had been negligent in over-valuing but cannot be held liable for losses as a result of a fall in the property market, only for the difference between their figure and an accurate valuation at the time. | ||
| 650 | _aDUTY OF CARE | ||
| 650 | _aFALLING MARKET | ||
| 650 | _aGOLF COURSES | ||
| 650 | _aLIABILITY | ||
| 650 | _aMEASURE OF DAMAGES | ||
| 650 | _aNEGLIGENCE | ||
| 650 | _aNYKREDIT MORTGAGE BANK LTD V EDWARD ERDMAN GROUP LTD | ||
| 650 | _aOVER-VALUATION | ||
| 650 | _aSOUTH AUSTRALIA ASSET MANAGEMENT CORPORATION V YORK MONTAGUE LTD | ||
| 650 | _aUNITED BANK OF KUWAIT PLC V PRUDENTIAL PROPERTY SERVICES LTD | ||
| 650 | _aVALUERS | ||
| 690 | _aPROPERTY-COMMERCIAL PROPERTY-COMMERCIAL PROPERTY APPRAISAL AND VALUATION | ||
| 690 | _aMANAGEMENT-BUSINESS MANAGEMENT-PROFESSIONAL PRACTICE | ||
| 942 | _n0 | ||
| 948 | _c04/03/1997 | ||
| 999 |
_c28629 _d28629 |
||